Confessions of a dying mind : (Record no. 2565)
[ view plain ]
| 000 -LEADER | |
|---|---|
| fixed length control field | 00500nam a22001817a 4500 |
| 003 - CONTROL NUMBER IDENTIFIER | |
| control field | GBCCL |
| 005 - DATE AND TIME OF LATEST TRANSACTION | |
| control field | 20241126110432.0 |
| 008 - FIXED-LENGTH DATA ELEMENTS--GENERAL INFORMATION | |
| fixed length control field | 170824b xxu||||| |||| 00| 0 eng d |
| 020 ## - INTERNATIONAL STANDARD BOOK NUMBER | |
| International Standard Book Number | 9789386432209 |
| 040 ## - CATALOGING SOURCE | |
| Transcribing agency | gbc |
| 082 ## - DEWEY DECIMAL CLASSIFICATION NUMBER | |
| Classification number | 211.8 |
| Item number | GUI |
| 100 ## - MAIN ENTRY--PERSONAL NAME | |
| Relationship | Guite, Haulianlal |
| 245 ## - TITLE STATEMENT | |
| Title | Confessions of a dying mind : |
| Remainder of title | the blind faith of Atheism / |
| Statement of responsibility, etc. | Haulianlal Guite |
| 260 ## - PUBLICATION, DISTRIBUTION, ETC. | |
| Place of publication, distribution, etc. | New Delhi : |
| Name of publisher, distributor, etc. | Bloomsbury, |
| Date of publication, distribution, etc. | 2017 |
| 300 ## - PHYSICAL DESCRIPTION | |
| Extent | 379p. |
| 650 ## - SUBJECT ADDED ENTRY--TOPICAL TERM | |
| Topical term or geographic name entry element | Atheism |
| Form subdivision | novel |
| General subdivision | God |
| 9 (RLIN) | 11883 |
| 942 ## - ADDED ENTRY ELEMENTS (KOHA) | |
| Source of classification or shelving scheme | Dewey Decimal Classification |
| Koha item type | Books |
| Koha issues (borrowed), all copies | 10 |
| Withdrawn status | Lost status | Source of classification or shelving scheme | Damaged status | Not for loan | Home library | Current Library | Shelving location | Date acquired | Total checkouts | Total renewals | Full call number | Barcode | Date last seen | Date last checked out | Copy number | Price effective from | Koha item type |
|---|---|---|---|---|---|---|---|---|---|---|---|---|---|---|---|---|---|
| Dewey Decimal Classification | GRACE BIBLE COLLEGE | GRACE BIBLE COLLEGE | Philosophy and Religion | 2017-08-24 | 1 | 1 | 211.8 GUI | 014491 | 2025-05-01 | 2022-04-18 | c.1 | 2017-08-24 | Books | ||||
| Dewey Decimal Classification | GRACE BIBLE COLLEGE | GRACE BIBLE COLLEGE | Philosophy and Religion | 2017-08-24 | 2 | 211.8 GUI | 014492 | 2025-05-01 | 2018-05-21 | c.2 | 2017-08-24 | Books | |||||
| Dewey Decimal Classification | GRACE BIBLE COLLEGE | GRACE BIBLE COLLEGE | Philosophy and Religion | 2017-08-24 | 3 | 211.8 GUI | 014493 | 2025-05-01 | 2022-01-24 | c.3 | 2017-08-24 | Books | |||||
| Dewey Decimal Classification | GRACE BIBLE COLLEGE | GRACE BIBLE COLLEGE | Philosophy and Religion | 2017-08-24 | 3 | 211.8 GUI | 014494 | 2025-05-01 | 2022-04-07 | c.4 | 2017-08-24 | Books | |||||
| Dewey Decimal Classification | GRACE BIBLE COLLEGE | GRACE BIBLE COLLEGE | Philosophy and Religion | 2017-08-24 | 2 | 211.8 GUI | 014495 | 2025-05-01 | 2020-10-28 | c.5 | 2017-08-24 | Books |